Personagens de Desenhos Animados - Statistics

Estatísticas Gerais
  • Esse quiz foi jogado 1 514 vezes
  • A pontuação média é 21 de 40
Estatísticas das Respostas
Personagem Desenho % Correto
Patrick Estrela Bob Esponja, Calça Quadrada
95%
Docinho As Meninas Super Poderosas
93%
Salsicha Scooby-Doo
91%
Zeca Urubu Pica-Pau
86%
Sasuke Uchiha Naruto
84%
Mutano Os Jovens Titãs
79%
Penélope Charmosa Corrida Maluca
77%
Timmy Turner Os Padrinhos Mágicos
77%
Magneto X-Men / X-Men: Evolution
77%
Bumblebee Transformers
74%
Finn Hora de Aventura
73%
Mestre dos Magos Caverna do Dragão
71%
Mordecai Apenas Um Show
69%
Ash Ketchum Pokémon
69%
Patolino Looney Tunes
68%
Ned Flanders Os Simpsons
68%
Arlequina Batman
67%
Gwen Tennyson Ben 10
65%
Catatau Zé Colmeia
62%
Hades Hércules
57%
Eustácio Coragem, O Cão Covarde
53%
Trunks Dragon Ball Z
53%
Eric Cartman South Park
53%
Katara Avatar, A Lenda de Aang
48%
Stewie Griffin Uma Família da Pesada
48%
Shiryu Os Cavaleiros do Zodíaco
46%
Gato Guerreiro He-Man
41%
Tio Patinhas DuckTales
36%
Mumm-Ra Thundercats
36%
Barney Rubble Os Flintstones
31%
April O'Neal As Tartarugas Ninja
30%
Yusuke Urameshi YuYu Hakusho
28%
Super Gêmeos Super Amigos
18%
Joey Wheeler Yu-Gi-Oh!
18%
Mandark O Laboratório de Dexter
15%
Ron Stoppable Kim Possible
14%
Dr. Garra Inspetor Bugiganga
11%
Stan Smith American Dad!
10%
Astro Os Jetsons
9%
Roger Klotz Doug
8%
Nenhum quiz correspondente encontrado
Distribuição das Pontuações
Porcentagem de Pessoas com Cada Pontuação
Percentil de Números Respondidos
Sua Pontuação Histórica
Você não jogou esse quiz